| 000 | 00344nam a2200145Ia 4500 | ||
|---|---|---|---|
| 008 | 230312s9999||||xx |||||||||||||| ||und|| | ||
| 020 | _a81-203-4077-0 | ||
| 082 |
_a543 _bDAS-A |
||
| 100 | _aDash;Dhruba.Charan | ||
| 245 | 0 | _aAnalytical Chemistry | |
| 260 |
_bPHI _aIndia _c2011 |
||
| 300 | _a581 | ||
| 650 |
_aMedical _vChemistry |
||
| 942 | _cBK | ||
| 999 |
_c11181 _d11181 |
||